| 000 | 00307nam a22001217a 4500 | ||
|---|---|---|---|
| 040 | _cNust | ||
| 082 |
_a297.1227 _bSAL |
||
| 100 |
_aHafiz Salah Ud Din Yousaf _99633 |
||
| 245 | _aAhsan Ul Bayan | ||
| 260 |
_aLahore: _bDar Ul Salam Publisher, _c2008. |
||
| 650 |
_aAhsan Ul Bayan _9125855 |
||
| 942 |
_2ddc _cBK |
||
| 999 |
_c611509 _d611509 |
||